| 000 | 01174nam a22002537a 4500 | ||
|---|---|---|---|
| 005 | 20170124103110.0 | ||
| 010 | _a210439 | ||
| 020 | _c06.00 | ||
| 035 | _a210439 | ||
| 037 | _bCen Lib/Ret | ||
| 040 |
_aDPL _bHN |
||
| 082 |
_a425 _bटंडन |
||
| 100 |
_aटंडन, प्रेमनारायण _945637 |
||
| 245 |
_aब्रजभाषा-व्याकरण की रूपरेखा / _cप्रेमनारायण टंडन |
||
| 246 |
_aBrajbhasha-vyakran ki rooprekha / _bby Premnarayan Tandon |
||
| 260 |
_aलखनऊ _bलखनऊ विश्वविद्यालय _c1962 |
||
| 270 | _bलखनऊ | ||
| 300 |
_a212पृ. _c20सेमी(सजिल्द) |
||
| 650 |
_aव्याकरण -- रूपरेखा _9112979 |
||
| 650 |
_aव्याकरण -- शब्द समूह _9112980 |
||
| 650 |
_aGrammar - Profile _979597 |
||
| 650 |
_aGrammar - word group _979598 |
||
| 942 |
_2ddc _cHN _h425 _mटंडन |
||
| 999 |
_c118336 _d118336 |
||